| 000 | 00000nam 2200000za 4500 |
| 001 | 9.809256 |
| 003 | CaOODSP |
| 005 | 20221107140604 |
| 007 | cr ||||||||||| |
| 008 | 160727s2016 onc ob f000 0 fre d |
| 020 | |a978-0-660-04261-9 |
| 040 | |aCaOODSP|bfre |
| 043 | |an-cn--- |
| 086 | 1 |aM164-4/10-1-2016F-PDF |
| 245 | 00|aSables bitumineux |h[ressource électronique] : |bune ressource stratégique pour le Canada, l'Amérique du Nord et le marché mondial : leadership mondial en innovation. |
| 260 | |a[Ottawa] : |bRessources naturelles Canada, |cc2016. |
| 300 | |a[2] p. |
| 500 | |aPubl. aussi en anglais sous le titre : Oil sands : a strategic resource for Canada, North America and the global market : global leadership in innovation. |
| 500 | |a« Mai 2016. » |
| 504 | |aComprends des références bibliographiques. |
| 692 | 07|2gccst|aSables bitumineux |
| 692 | 07|2gccst|aIndustrie pétrolière |
| 710 | 1 |aCanada. |bRessources naturelles Canada. |
| 775 | 08|tOil sands |w(CaOODSP)9.809247 |
| 856 | 40|qPDF|s1.01 Mo|uhttps://publications.gc.ca/collections/collection_2016/rncan-nrcan/M164-4-10-1-2016-fra.pdf |